K novému zákonu o akciových společnostech a novelizovanému zákonu o podnicích se zahraniční majetkovou účastí.

Vymedzenie pojmu "podnik so zahraničnou majetkovou účasťou". Úprava hospodárskej činnosti. Ročné účtovné uzávierky, činnosť overovateľov (auditorov). Postup pri vytváraní podniku so zahraničnou majetkovou účasťou na území ČSFR.

Salvato in:
Dettagli Bibliografici
Autore principale: Hlavica, J.
Altri autori: Marek, K.
Natura: Capitolo di libro
Lingua:ceco
Soggetti:
Tags: Aggiungi Tag
Nessun Tag, puoi essere il primo ad aggiungerne!!

MARC

LEADER 00000naa a2200000 4500
001 r003375
005 20221125075728.8
041 0 |a cze 
044 |a [CS] 
245 1 0 |a K novému zákonu o akciových společnostech a novelizovanému zákonu o podnicích se zahraniční majetkovou účastí.  |c J. Hlavica, K. Marek 
520 |a Vymedzenie pojmu "podnik so zahraničnou majetkovou účasťou". Úprava hospodárskej činnosti. Ročné účtovné uzávierky, činnosť overovateľov (auditorov). Postup pri vytváraní podniku so zahraničnou majetkovou účasťou na území ČSFR. 
610 2 0 |a spoločnosti akciové 
610 2 0 |a podnik spoločný 
610 2 0 |a kapitál zahraničný 
610 2 0 |a činnosť hospodárska 
610 2 0 |a uzávierka účtovná 
610 2 0 |a ČSFR 
610 2 0 |a zákony 
100 1 |a Hlavica, J. 
700 1 |a Marek, K.